[Event "International Championship of Central Se"]
[Site "Paracin, hotel "]
[Date "2013.07.06"]
[Round "3.1"]
[White "Rasic, Jovan"]
[Black "Brankovan, Mario"]
[Result "1-0"]
[WhiteElo "2085"]
[BlackElo "1938"]
[PlyCount "97"]
[EventDate "2013.07.05"]

1. e4 c5 2. d4 cxd4 3. c3 dxc3 4. Nxc3 Nc6 5. Nf3 d6 6. Bc4 h6 7. h3 Nf6 8. e5
d5 9. Bb5 Nh7 10. Nd4 Qc7 11. O-O e6 12. Bf4 Be7 13. Rc1 O-O 14. Bxc6 bxc6 15.
Ncb5 Qb8 16. Nxc6 Qxb5 17. Nxe7+ Kh8 18. Nxc8 Raxc8 19. Qh5 Rc4 20. Bg3 Ng5 21.
Bh4 Nh7 22. Be7 Re8 23. Bd6 f5 24. Rxc4 dxc4 25. Rc1 Rc8 26. Qe2 Qc6 27. h4 Kg8
28. Rc3 g5 29. b3 Qd5 30. Rxc4 Rc6 31. Rxc6 Qxc6 32. Qc4 Qd7 33. b4 Kf7 34. b5
gxh4 35. a4 Ng5 36. a5 h3 37. b6 axb6 38. axb6 Kg6 39. Qb3 Qb7 40. f3 hxg2 41.
Kxg2 h5 42. Be7 Qxe7 43. b7 Qd7 44. b8=Q Qd2+ 45. Kf1 Qc1+ 46. Ke2 Qc6 47. Qg8+
Kh6 48. Qf8+ Kh7 49. Qe7+ 1-0

[Event "International Championship of Central Se"]
[Site "Paracin, hotel "]
[Date "2013.07.06"]
[Round "3.2"]
[White "Kosir, Franci"]
[Black "Ostojic, Nikola M"]
[Result "1/2-1/2"]
[WhiteElo "1934"]
[BlackElo "2068"]
[PlyCount "53"]
[EventDate "2013.07.05"]

1. c4 c6 2. Nf3 d5 3. d4 Nf6 4. cxd5 cxd5 5. Nc3 Nc6 6. Bf4 a6 7. e3 Bf5 8. a3
b5 9. Ne5 Na5 10. g4 Bc8 11. Qf3 Be6 12. Bg2 Nb3 13. Rd1 h6 14. h4 Qa5 15. O-O
g5 16. Bg3 b4 17. axb4 Qxb4 18. Qe2 Bg7 19. Rd2 Nxd2 20. Qxd2 Qb7 21. Nd3 Bxg4
22. Nc5 Qc6 23. hxg5 hxg5 24. e4 Be6 25. Qxg5 Bh6 26. Qe5 Bg7 27. exd5 1/2-1/2

[Event "International Championship of Central Se"]
[Site "Paracin, hotel "]
[Date "2013.07.06"]
[Round "3.3"]
[White "Cica, Dragan"]
[Black "Van Muylem, Tom"]
[Result "1-0"]
[WhiteElo "2063"]
[BlackElo "1931"]
[PlyCount "50"]
[EventDate "2013.07.05"]

1. e4 c6 2. d4 d5 3. Nc3 dxe4 4. Nxe4 Nf6 5. Nxf6+ gxf6 6. Nf3 Bg4 7. Be2 e6 8.
Be3 Bd6 9. Qd2 Nd7 10. h3 Bh5 11. c4 Qc7 12. Rc1 O-O-O 13. b4 e5 14. d5 c5 15.
Nxe5 fxe5 16. Bxh5 f5 17. Bg5 Rdf8 18. Bh6 e4 19. Be3 f4 20. Bxc5 Nxc5 21. bxc5
Bxc5 22. d6 Bxd6 23. c5 Bxc5 24. Qd5 Bb4+ 25. Ke2 f3+ 1-0

[Event "International Championship of Central Se"]
[Site "Paracin, hotel "]
[Date "2013.07.06"]
[Round "3.4"]
[White "Bozilov, Dragan"]
[Black "Djuretanovic, Ivan"]
[Result "1-0"]
[WhiteElo "1930"]
[BlackElo "2042"]
[PlyCount "58"]
[EventDate "2013.07.05"]

1. d4 Nf6 2. Nf3 d5 3. Bf4 Bf5 4. e3 Nbd7 5. Bd3 Be4 6. Bxe4 Nxe4 7. Nbd2 Ndf6
8. O-O e6 9. c4 Bd6 10. Bxd6 Qxd6 11. c5 Qa6 12. Qc2 O-O 13. b4 Qb5 14. a4 Qe8
15. b5 a6 16. Rfb1 axb5 17. Qb2 Rxa4 18. Rxa4 bxa4 19. Qxb7 Qa8 20. Qxc7 a3 21.
Qb6 Nxd2 22. Nxd2 a2 23. Ra1 Qa3 24. Qb3 Ra8 25. Qxa3 Rxa3 26. Kf1 Kf8 27. Ke2
Ke7 28. Kd1 e5 29. Kc2 Ne4 1-0

[Event "International Championship of Central Se"]
[Site "Paracin, hotel "]
[Date "2013.07.06"]
[Round "3.5"]
[White "Radovic, Janko"]
[Black "Zajic, Milun"]
[Result "1-0"]
[WhiteElo "2038"]
[BlackElo "1930"]
[PlyCount "69"]
[EventDate "2013.07.05"]

1. e4 d5 2. exd5 Qxd5 3. Nc3 Qd6 4. Bc4 Nf6 5. d4 a6 6. Nf3 b5 7. Bb3 Bb7 8.
O-O e6 9. Re1 Be7 10. Ne5 Nbd7 11. Bf4 Nb6 12. Qe2 Rf8 13. Rad1 Nbd5 14. Bg3
Nxc3 15. bxc3 Nd5 16. Nxf7 Qb6 17. Ne5 Nxc3 18. Qh5+ g6 19. Qxh7 Nxd1 20. Qxg6+
Kd8 21. Rxd1 Bf6 22. Qh6 Ke8 23. Qg6+ Kd8 24. Ng4 Be7 25. Qg7 Bd5 26. Ne5 Bxb3
27. cxb3 Re8 28. Rc1 Kc8 29. Qf7 Kb7 30. Qf3+ Kc8 31. Qxa8+ Qb8 32. Qxb8+ Kxb8
33. Nc6+ Kb7 34. Nxe7 Rxe7 35. Be5 1-0

[Event "International Championship of Central Se"]
[Site "Paracin, hotel "]
[Date "2013.07.06"]
[Round "3.6"]
[White "Antic, Nenad"]
[Black "Boskovic, Maksimilijan"]
[Result "0-1"]
[WhiteElo "2022"]
[BlackElo "1927"]
[PlyCount "64"]
[EventDate "2013.07.05"]

1. d4 Nf6 2. Nf3 e6 3. h3 c5 4. c3 b6 5. Bf4 Bb7 6. e3 Be7 7. Bd3 O-O 8. O-O d5
9. Nbd2 Nbd7 10. Ne5 cxd4 11. cxd4 Nxe5 12. dxe5 Nd7 13. Rc1 Nc5 14. Be2 Rc8
15. Nf3 Qd7 16. Nd4 Ba6 17. b4 Bxe2 18. Qxe2 Na4 19. b5 Rc5 20. Rxc5 bxc5 21.
Nc6 c4 22. Qc2 Nc5 23. a4 Nd3 24. Qc3 Qb7 25. Qa5 Bc5 26. Bg5 h6 27. Bh4 Qb6
28. Qd2 Rc8 29. Be7 Rxc6 30. bxc6 Bxe7 31. a5 Qxc6 32. Rb1 Bb4 0-1

[Event "International Championship of Central Se"]
[Site "Paracin, hotel "]
[Date "2013.07.06"]
[Round "3.7"]
[White "Ljangov, Petar"]
[Black "Jaklin, Damir"]
[Result "1-0"]
[WhiteElo "2010"]
[BlackElo "1916"]
[PlyCount "97"]
[EventDate "2013.07.05"]

1. e4 c5 2. Nf3 d6 3. Bb5+ Bd7 4. Bxd7+ Nxd7 5. O-O Ngf6 6. Re1 g6 7. c3 Bg7 8.
d4 e5 9. dxe5 dxe5 10. Nbd2 O-O 11. Nc4 Qc7 12. a4 Rad8 13. Qc2 Rfe8 14. Bg5 h6
15. Bxf6 Nxf6 16. Rad1 Rxd1 17. Rxd1 Qc6 18. Ncxe5 Qxe4 19. Qxe4 Nxe4 20. Nc4
Kf8 21. g3 b6 22. Rd7 Re7 23. Rd8+ Re8 24. Rxe8+ Kxe8 25. Nfd2 Nxd2 26. Nxd2
Ke7 27. Kf1 Ke6 28. Ke2 Kd5 29. Kd3 f5 30. Nc4 Bf6 31. Ne3+ Kc6 32. h3 a6 33.
f3 b5 34. axb5+ axb5 35. b3 Be5 36. g4 fxg4 37. fxg4 Bf6 38. c4 Bg5 39. Nd5 h5
40. Ke4 hxg4 41. hxg4 bxc4 42. bxc4 Kd6 43. Nc3 Bd2 44. Ne2 Ke6 45. Ng1 Bg5 46.
Nf3 Bf6 47. Ne1 Bg5 48. Nd3 Kd6 49. Ne5 1-0

[Event "International Championship of Central Se"]
[Site "Paracin, hotel "]
[Date "2013.07.06"]
[Round "3.8"]
[White "Stojkovic, Zoran"]
[Black "Milosavljevic, Marija"]
[Result "1/2-1/2"]
[WhiteElo "2005"]
[BlackElo "1901"]
[PlyCount "94"]
[EventDate "2013.07.05"]

1. e4 c5 2. Nf3 d6 3. d4 cxd4 4. Nxd4 Nf6 5. Nc3 a6 6. Be2 e5 7. Nb3 Be7 8. Bg5
Be6 9. a4 Nbd7 10. h3 O-O 11. O-O Qc7 12. Qd3 Rac8 13. Be3 Nb6 14. Bxb6 Qxb6
15. Nd5 Nxd5 16. exd5 Bd7 17. Nd2 f5 18. Nc4 Qc7 19. Qb3 Kh8 20. Qb4 Rce8 21.
Ra3 Rf7 22. Rc3 Qb8 23. Na5 b5 24. axb5 axb5 25. Nc6 Bxc6 26. Rxc6 Bf8 27. Bxb5
Rb7 28. c4 e4 29. Qd2 Qd8 30. Qd4 Be7 31. Ra6 Rf8 32. Rfa1 Bf6 33. Qd2 Bg5 34.
Qb4 Bf4 35. Qa3 Rb8 36. b4 Be5 37. Rd1 h6 38. Ba4 f4 39. Bc2 f3 40. Bxe4 fxg2
41. Bxg2 Qh4 42. Qa2 Rxb4 43. Ra8 Rbb8 44. Rxb8 Rxb8 45. Qa7 Rf8 46. Qe3 Qxc4
47. Bf1 Qf4 1/2-1/2

[Event "International Championship of Central Se"]
[Site "Paracin, hotel "]
[Date "2013.07.06"]
[Round "3.9"]
[White "Ivic, Matija"]
[Black "Grbic, Branko"]
[Result "1/2-1/2"]
[WhiteElo "1925"]
[BlackElo "1984"]
[PlyCount "110"]
[EventDate "2013.07.05"]

1. c4 Nf6 2. g3 e6 3. Bg2 d5 4. Nf3 b6 5. Nc3 Bb7 6. Ne5 Bd6 7. Qa4+ Nbd7 8.
Nc6 Bxc6 9. Qxc6 O-O 10. cxd5 exd5 11. Nxd5 Nxd5 12. Qxd5 Rc8 13. O-O Qe7 14.
Re1 c5 15. d3 Be5 16. Rb1 Rcd8 17. Qc4 Rfe8 18. Bd2 Qf6 19. Bc3 h6 20. a4 Nf8
21. a5 Ne6 22. axb6 axb6 23. e3 Qf5 24. Bxe5 Qxe5 25. b4 Rd6 26. bxc5 Qxc5 27.
Qb3 Qa5 28. Ra1 Qf5 29. d4 Ng5 30. Rec1 h5 31. h4 Ne4 32. Bxe4 Qxe4 33. Rc7 Rf6
34. Qc2 Qd5 35. Raa7 Rd8 36. Rc8 Rxc8 37. Qxc8+ Kh7 38. Qc2+ g6 39. Rc7 Kg7 40.
Rc4 b5 41. Rc5 Qb7 42. Qb2 Qf3 43. Rxb5 Qd1+ 44. Kg2 Qf3+ 45. Kh2 Qxf2+ 46.
Qxf2 Rxf2+ 47. Kh3 Re2 48. Re5 f6 49. Re6 Kf7 50. d5 Rd2 51. e4 Re2 52. Ra6
Rxe4 53. d6 Ke6 54. d7+ Kxd7 55. Rxf6 Rg4 1/2-1/2

[Event "International Championship of Central Se"]
[Site "Paracin, hotel "]
[Date "2013.07.06"]
[Round "3.10"]
[White "Zivkovic, Zivojin"]
[Black "Radovanovic, Danko"]
[Result "1-0"]
[WhiteElo "1981"]
[BlackElo "1898"]
[PlyCount "69"]
[EventDate "2013.07.05"]

1. Nf3 Nf6 2. g3 g6 3. Bg2 Bg7 4. d3 d5 5. O-O O-O 6. Nbd2 Nbd7 7. c4 c6 8. Rb1
Nb6 9. c5 Nbd7 10. b4 a6 11. e4 Qc7 12. Qc2 Ng4 13. Bb2 Bxb2 14. Rxb2 Rd8 15.
exd5 cxd5 16. h3 Nge5 17. a4 e6 18. Nh2 Nc6 19. Ndf3 Nde5 20. Nxe5 Nxe5 21. b5
axb5 22. axb5 Ra3 23. Rd1 d4 24. b6 Qe7 25. f4 Rc3 26. Qe2 Nc6 27. Bxc6 bxc6
28. Ra1 Rxc5 29. Ng4 f6 30. Ra7 Bb7 31. Rxb7 Qxb7 32. Qxe6+ Kf8 33. Qxf6+ Qf7
34. Qxd8+ Kg7 35. Qxd4+ 1-0

[Event "International Championship of Central Se"]
[Site "Paracin, hotel "]
[Date "2013.07.06"]
[Round "3.11"]
[White "Glisic, Tomislav"]
[Black "Kostic, Tomislav"]
[Result "0-1"]
[WhiteElo "1912"]
[BlackElo "1978"]
[PlyCount "82"]
[EventDate "2013.07.05"]

1. e4 c5 2. Nf3 e6 3. d4 cxd4 4. Nxd4 a6 5. Bd3 Nf6 6. O-O d6 7. Nd2 Be7 8. c3
O-O 9. Bc2 Nbd7 10. N2b3 Qc7 11. f4 b6 12. Nf3 Bb7 13. Re1 Rfd8 14. Qe2 e5 15.
Kh1 Rac8 16. f5 d5 17. exd5 Nxd5 18. Bg5 Bxg5 19. Nxg5 Nf4 20. Qf2 Bxg2+ 21.
Kg1 h6 22. Nf3 Nh3+ 23. Kxg2 Nxf2 24. Kxf2 Re8 25. Nbd2 Nf6 26. Ne4 Nxe4+ 27.
Bxe4 Qc5+ 28. Re3 Rcd8 29. Rc1 a5 30. c4 Rd4 31. Kg3 Rxc4 32. Rce1 b5 33. Bd3
Rc1 34. R1e2 f6 35. Nd2 Qb4 36. Nb3 Rd1 37. Bc2 Qf4+ 38. Kg2 Qg4+ 39. Kf2 Qg1+
40. Kf3 e4+ 41. Rxe4 Rf1+ 0-1

[Event "International Championship of Central Se"]
[Site "Paracin, hotel "]
[Date "2013.07.06"]
[Round "3.12"]
[White "Milanovic, Maja"]
[Black "Pribanovic, Milivoje"]
[Result "0-1"]
[WhiteElo "1969"]
[BlackElo "1841"]
[PlyCount "62"]
[EventDate "2013.07.05"]

1. e4 c5 2. Nf3 d6 3. d4 cxd4 4. Nxd4 Nf6 5. Nc3 a6 6. f4 e6 7. Be2 Nc6 8. Be3
Qc7 9. O-O Be7 10. Kh1 O-O 11. Qe1 Bd7 12. Qg3 b5 13. a3 Nxd4 14. Bxd4 Bc6 15.
e5 Ne8 16. Rad1 g6 17. f5 exf5 18. Rxf5 Ng7 19. Rf6 Rad8 20. Bg4 dxe5 21. Bxe5
Rxd1+ 22. Bxd1 Qb7 23. Rf1 f5 24. Bf3 Bf6 25. Bxc6 Qxc6 26. Rd1 Nh5 27. Qe1 Re8
28. Nd5 Bxe5 29. Qh4 Kf7 30. Qb4 Nf6 31. Qb3 Qc4 0-1

[Event "International Championship of Central Se"]
[Site "Paracin, hotel "]
[Date "2013.07.06"]
[Round "3.13"]
[White "Cvetkovski, Slobodan"]
[Black "Stojanovic, Vladimir M"]
[Result "1/2-1/2"]
[WhiteElo "1879"]
[BlackElo "1959"]
[PlyCount "104"]
[EventDate "2013.07.05"]

1. e4 d6 2. d4 Nf6 3. Nc3 e5 4. dxe5 dxe5 5. Qxd8+ Kxd8 6. Bg5 Be6 7. O-O-O+
Nbd7 8. f3 Kc8 9. Be3 a6 10. Kb1 Bc5 11. Bxc5 Nxc5 12. Nge2 Rd8 13. Rxd8+ Kxd8
14. Nc1 h5 15. h4 b5 16. b4 Ncd7 17. Nb3 c6 18. Na5 Kc7 19. Nd1 c5 20. c3 c4
21. a4 Nb6 22. axb5 axb5 23. Ne3 Rd8 24. Kc2 g6 25. Be2 Nc8 26. Rd1 Rxd1 27.
Nxd1 Nd6 28. Kd2 Nd7 29. Ke3 f5 30. g3 Nf6 31. Nf2 fxe4 32. fxe4 Ng4+ 33. Nxg4
Bxg4 34. Bf3 Bh3 35. Bh1 Ne8 36. Bf3 Nf6 37. Kf2 Bc8 38. Ke3 Kd6 39. Kf2 Kc7
40. Ke3 Bh3 41. Kf2 Bg4 42. Ke3 Nd7 43. Bh1 Nb6 44. Bg2 Na4 45. Kd2 Nb2 46. Kc2
Na4 47. Kd2 Kb6 48. Bh1 Nc5 49. Nxc4+ bxc4 50. bxc5+ Kxc5 51. Bg2 Be6 52. Bf3
Bg4 1/2-1/2

[Event "International Championship of Central Se"]
[Site "Paracin, hotel "]
[Date "2013.07.06"]
[Round "3.14"]
[White "Milosavljevic, Delimir"]
[Black "Marjanovics, Gyorgy"]
[Result "0-1"]
[WhiteElo "1827"]
[BlackElo "2069"]
[PlyCount "76"]
[EventDate "2013.07.05"]

1. c4 e6 2. Nc3 d5 3. cxd5 exd5 4. d4 Nf6 5. Nf3 h6 6. g3 c6 7. Bg2 Bd6 8. O-O
O-O 9. h3 Re8 10. Ne1 Nbd7 11. Nd3 Nf8 12. Re1 Bf5 13. f4 Ne4 14. Kh2 Qc7 15.
Rf1 h5 16. e3 Nxc3 17. bxc3 Qa5 18. Ne1 Qxc3 19. Bd2 Qb2 20. Rf2 Nh7 21. Kg1
Nf6 22. a4 Qb6 23. a5 Qc7 24. Bf3 g6 25. g4 hxg4 26. hxg4 Be4 27. Rh2 Bxf3 28.
Qxf3 Kg7 29. Nd3 Qd7 30. Nf2 Qe7 31. g5 Ne4 32. Ng4 Rh8 33. Nh6 Nxg5 34. Qg4
Rxh6 35. Rxh6 Kxh6 36. Qh4+ Kg7 37. fxg5 Rh8 38. Qg4 Rh2 0-1

[Event "International Championship of Central Se"]
[Site "Paracin, hotel "]
[Date "2013.07.06"]
[Round "3.15"]
[White "Arandjelovic, Aleksandar Z"]
[Black "Ristic, Dejan D"]
[Result "1/2-1/2"]
[WhiteElo "2042"]
[BlackElo "1823"]
[PlyCount "47"]
[EventDate "2013.07.05"]

1. e4 e5 2. Nf3 Nf6 3. Nc3 Nc6 4. Bb5 Bc5 5. O-O Nd4 6. Bc4 O-O 7. d3 d6 8. h3
h6 9. Be3 c6 10. Bxd4 exd4 11. Ne2 d5 12. exd5 cxd5 13. Bb3 Bd7 14. a4 Re8 15.
Ng3 Rc8 16. Qd2 Qc7 17. Nh4 Qe5 18. Rfe1 Qg5 19. Qxg5 hxg5 20. Nf3 Nh7 21. Ne5
Be6 22. a5 a6 23. c4 dxc3 24. bxc3 1/2-1/2

[Event "International Championship of Central Se"]
[Site "Paracin, hotel "]
[Date "2013.07.06"]
[Round "3.16"]
[White "Nikolic, Milan"]
[Black "Janjic, Jovo"]
[Result "1/2-1/2"]
[WhiteElo "1859"]
[BlackElo "2008"]
[PlyCount "96"]
[EventDate "2013.07.05"]

1. Nf3 c5 2. d4 cxd4 3. Nxd4 Nc6 4. g3 Nf6 5. Bg2 g6 6. O-O Bg7 7. Bg5 O-O 8.
c3 Qa5 9. Bxf6 Bxf6 10. Nxc6 dxc6 11. Qc2 Be6 12. Nd2 Rfd8 13. Nb3 Qb6 14. Rfd1
a5 15. e3 Bg4 16. Rxd8+ Rxd8 17. h3 Bf5 18. e4 Be6 19. Rd1 Rxd1+ 20. Qxd1 a4
21. Nd4 Bxa2 22. Qxa4 Qxb2 23. Qa5 Bg7 24. h4 Bc4 25. e5 Qc1+ 26. Kh2 Qe1 27.
Qa8+ Bf8 28. Qxb7 Qxf2 29. Qxc6 Ba2 30. Kh3 Qe3 31. Qc7 Bb1 32. Nc6 Bf5+ 33.
Kh2 Qc5 34. Qd8 Be6 35. Qd2 Bc4 36. Qf4 e6 37. Nd8 Qe7 38. Nxf7 Qxf7 39. Qxc4
Qf5 40. Qd4 Bg7 41. Bh3 Qxe5 42. Qxe5 Bxe5 43. Bxe6+ Kf8 44. c4 Ke7 45. Bd5 h6
46. Kg2 g5 47. hxg5 hxg5 48. Kf3 Kd6 1/2-1/2

[Event "International Championship of Central Se"]
[Site "Paracin, hotel "]
[Date "2013.07.06"]
[Round "3.17"]
[White "Lazic, Milan B"]
[Black "Chetina, Elizaveta"]
[Result "0-1"]
[WhiteElo "1978"]
[BlackElo "1881"]
[PlyCount "72"]
[EventDate "2013.07.05"]

1. e4 e5 2. d4 exd4 3. Nf3 Nc6 4. Bc4 Nf6 5. Nxd4 Bc5 6. Be3 Bb6 7. Nxc6 bxc6
8. e5 Bxe3 9. exf6 Qxf6 10. Qe2 O-O 11. c3 Bb6 12. O-O Bb7 13. a4 a5 14. Nd2
Rfe8 15. Qg4 d6 16. Ne4 Rxe4 17. Qxe4 d5 18. Qg4 dxc4 19. Rad1 g6 20. Rd2 Bc8
21. Qe4 Kg7 22. h4 Qe6 23. Qf3 Bd7 24. Rfd1 Rd8 25. h5 Bc5 26. Re2 Qg4 27. Re5
Bd6 28. Rxa5 Qxf3 29. gxf3 c5 30. hxg6 hxg6 31. Ra6 Rb8 32. Rd2 Kh6 33. Kg2 Kg5
34. a5 Kf4 35. Ra7 Bc6 36. Rxd6 Bxf3+ 0-1

[Event "International Championship of Central Se"]
[Site "Paracin, hotel "]
[Date "2013.07.06"]
[Round "3.19"]
[White "Zivanovic, Blagoje"]
[Black "Milosavljevic, Milica"]
[Result "1-0"]
[WhiteElo "1817"]
[BlackElo "1926"]
[PlyCount "113"]
[EventDate "2013.07.05"]

1. e4 c5 2. c4 Nc6 3. g3 g6 4. Bg2 Bg7 5. Ne2 d6 6. Nbc3 e6 7. O-O Nge7 8. d3
O-O 9. Rb1 Rb8 10. a3 a6 11. b4 Nd4 12. Nxd4 cxd4 13. Ne2 b5 14. cxb5 axb5 15.
Bb2 Qb6 16. f4 f5 17. Nc1 fxe4 18. dxe4 Bd7 19. Nb3 e5 20. Qd3 Be6 21. Nd2 Rbc8
22. fxe5 dxe5 23. Rbc1 Bh6 24. Rxf8+ Rxf8 25. Rc5 Bxd2 26. Qxd2 Bc4 27. Rxe5
d3+ 28. Rc5 Rc8 29. Qc3 Kf8 30. Qg7+ Ke8 31. Bf3 Rxc5 32. Bd4 d2 33. Bxc5 Qd8
34. Qxe7+ Qxe7 35. Bxe7 Kxe7 36. Bd1 Bd3 37. Kf2 Bxe4 38. Ke3 Bc6 39. Kxd2 Kd6
40. Kd3 Ke5 41. Ke3 h6 42. Bc2 g5 43. Bd1 Be8 44. Bf3 h5 45. h4 gxh4 46. gxh4
Kf5 47. Be2 Ke5 48. Bd3 Kd6 49. Kd4 Bd7 50. Bg6 Bg4 51. Ke3 Kd5 52. Bf7+ Be6
53. Bxe6+ Kxe6 54. Ke4 Kd6 55. Kd4 Ke6 56. Kc5 Kf5 57. Kxb5 1-0

[Event "International Championship of Central Se"]
[Site "Paracin, hotel "]
[Date "2013.07.06"]
[Round "3.20"]
[White "Pantic, Radosav"]
[Black "Jandric, Damjan"]
[Result "0-1"]
[WhiteElo "1782"]
[BlackElo "2058"]
[Annotator "Natasa"]
[PlyCount "67"]
[EventDate "2013.07.05"]

1. d4 Nf6 2. c4 g6 3. Nc3 Bg7 4. Nf3 d6 5. h3 O-O 6. Qc2 c5 7. d5 e6 8. e4 exd5
9. exd5 Na6 10. a3 Nc7 11. Be2 b5 12. O-O bxc4 13. Bxc4 Bf5 14. Bd3 Bxd3 15.
Qxd3 Rb8 16. Rb1 Qd7 17. Bf4 Rfe8 18. Bh2 a6 19. b4 cxb4 20. axb4 Rb6 21. Nd2
Rb7 22. Nc4 Bf8 23. Rfc1 Reb8 24. Qg3 Rxb4 25. Rxb4 Rxb4 26. Nxd6 Ncxd5 27.
Nxd5 Nxd5 28. Qe5 Qe6 29. g4 Qxe5 30. Bxe5 f6 31. Bg3 Rb3 32. Rc8 Kg7 33. Ne4
Rb6 34. Re8 {unreadable} 0-1

[Event "International Championship of Central Se"]
[Site "Paracin, hotel "]
[Date "2013.07.06"]
[Round "3.21"]
[White "Stojiljkovic, Tamara"]
[Black "Majstorovic, Dusan"]
[Result "0-1"]
[WhiteElo "1780"]
[BlackElo "2025"]
[PlyCount "53"]
[EventDate "2013.07.05"]

1. e4 e6 2. d4 d5 3. Nd2 c5 4. c3 Nc6 5. Bb5 Qb6 6. Bxc6+ bxc6 7. Ne2 cxd4 8.
cxd4 Ba6 9. exd5 cxd5 10. Nf3 Bd6 11. O-O Ne7 12. a3 Nc6 13. Re1 O-O 14. b4
Bxe2 15. Rxe2 a5 16. bxa5 Rxa5 17. Qd3 h6 18. Rb2 Qa7 19. Rb3 Ra4 20. Bb2 Na5
21. Rc3 Nc4 22. Bc1 Ra8 23. Nd2 Nxd2 24. Qxd2 Rxd4 25. Qc2 Ra4 26. Qd3 Be5 27.
Be3 0-1

[Event "International Championship of Central Se"]
[Site "Paracin, hotel "]
[Date "2013.07.06"]
[Round "3.22"]
[White "Rakic, Ognjan"]
[Black "Dragojevic, Dragan"]
[Result "0-1"]
[WhiteElo "1768"]
[BlackElo "1971"]
[PlyCount "92"]
[EventDate "2013.07.05"]

1. e4 e5 2. Nf3 Nc6 3. d4 exd4 4. Nxd4 Bc5 5. Be3 Qf6 6. c3 Nge7 7. Bc4 Qg6 8.
O-O Ne5 9. Bb3 Ng4 10. Qf3 d6 11. Nb5 Ne5 12. Qg3 Qxg3 13. hxg3 Bxe3 14. fxe3
Kd8 15. Bxf7 Rf8 16. Bh5 Rxf1+ 17. Kxf1 Nc4 18. N1a3 Nxb2 19. Ke2 a6 20. Nd4
Ng8 21. Bf3 Na4 22. Kd2 Nc5 23. Rh1 Nf6 24. g4 Ncxe4+ 25. Kc2 Nf2 26. Rf1 N2xg4
27. Kd2 c5 28. Ne2 Ke7 29. Nc4 Rb8 30. Nb6 Be6 31. a4 Ne5 32. Nf4 Nc4+ 33. Nxc4
Bxc4 34. Rb1 b5 35. g4 g5 36. Nh3 h5 37. Nxg5 hxg4 38. Bg2 Rg8 39. Ne4 Nxe4+
40. Bxe4 Rf8 41. axb5 Rf2+ 42. Ke1 Rf1+ 43. Kd2 Rxb1 44. Bxb1 Bxb5 45. Ke1 Bc4
46. Kf2 Bb3 0-1

[Event "International Championship of Central Se"]
[Site "Paracin, hotel "]
[Date "2013.07.06"]
[Round "3.23"]
[White "Radovanovic, Miroljub B"]
[Black "Mijajlovic, Milutin"]
[Result "1-0"]
[WhiteElo "1961"]
[BlackElo "1757"]
[PlyCount "73"]
[EventDate "2013.07.05"]

1. e4 c5 2. Nf3 Nc6 3. d4 cxd4 4. Nxd4 e6 5. Be2 Nf6 6. Bf3 Bc5 7. Nxc6 bxc6 8.
O-O h6 9. c4 Rb8 10. Nc3 O-O 11. e5 Nh7 12. Ne4 Be7 13. Qd4 Qb6 14. c5 Qb4 15.
Qxb4 Rxb4 16. a3 Rb8 17. b4 f5 18. Nd6 Bxd6 19. cxd6 g5 20. Be2 Kg7 21. f4 g4
22. Be3 a6 23. Rfc1 Rf7 24. Rc5 Nf8 25. Ra5 Ra8 26. a4 Bb7 27. b5 Ng6 28. bxa6
Rff8 29. Rb1 Bc8 30. a7 h5 31. Rb8 Bb7 32. Rxb7 Rfd8 33. g3 h4 34. Bb6 Rdc8 35.
Rxd7+ Kh6 36. Rf7 hxg3 37. hxg3 1-0

[Event "International Championship of Central Se"]
[Site "Paracin, hotel "]
[Date "2013.07.06"]
[Round "3.24"]
[White "Vasilev, Martin"]
[Black "Kostic, Marko G"]
[Result "1-0"]
[WhiteElo "1741"]
[BlackElo "1937"]
[PlyCount "59"]
[EventDate "2013.07.05"]

1. e4 c5 2. Nf3 a6 3. d3 d6 4. g3 Nf6 5. Bg2 e6 6. O-O Be7 7. Re1 Nc6 8. Nbd2
Qc7 9. c3 O-O 10. Qe2 e5 11. Nf1 Bg4 12. Ne3 Qc8 13. Nxg4 Qxg4 14. Nh4 Qxe2 15.
Rxe2 g6 16. Nf3 Nd7 17. Bh6 Rfe8 18. Be3 Bf6 19. Nd2 b5 20. f4 exf4 21. gxf4
Rac8 22. a4 b4 23. Nc4 Be7 24. Bh3 Rcd8 25. d4 bxc3 26. bxc3 cxd4 27. cxd4 Nf8
28. d5 Nb8 29. Bb6 Bf6 30. Rd1 1-0

[Event "International Championship of Central Se"]
[Site "Paracin, hotel "]
[Date "2013.07.06"]
[Round "3.25"]
[White "Jovovic, Jovan"]
[Black "Zarkovic, Milos"]
[Result "0-1"]
[WhiteElo "1898"]
[BlackElo "1719"]
[PlyCount "86"]
[EventDate "2013.07.05"]

1. d4 d5 2. Nf3 Nf6 3. Bg5 e6 4. e3 Be7 5. Bd3 O-O 6. Nbd2 c5 7. c3 Nc6 8. O-O
b6 9. Qe2 Bb7 10. h3 Rc8 11. Rac1 h6 12. Bh4 c4 13. Bc2 b5 14. e4 b4 15. Rfd1
Re8 16. Ba4 Qa5 17. Bxc6 Bxc6 18. Bxf6 Bxf6 19. Nf1 dxe4 20. Ne5 Bxe5 21. dxe5
bxc3 22. Rxc3 Qxe5 23. Qxc4 Bb5 24. Qb3 Rxc3 25. bxc3 Bxf1 26. Rxf1 e3 27. fxe3
Qxe3+ 28. Kh1 Qc5 29. Qb4 Rc8 30. Rf3 Qc7 31. Qb3 Re8 32. c4 Rc8 33. Rc3 Qc5
34. a4 e5 35. Qb7 Rd8 36. Rf3 Qxc4 37. Qxa7 Qe6 38. a5 Rd1+ 39. Kh2 e4 40. Qb8+
Kh7 41. Re3 f5 42. Qb6 Qe5+ 43. g3 Rd2+ 0-1